000
00199nam a2200085Ia 4500
008
120527s9999 xx 000 0 und d
100
_a
Appling, R. Jeffrey
245
_a
Math survival Guide
942
_c
BK
999
_c
27796
_d
27796